[Event "USA-ch Seniors 50"]
[Site "Saint Louis"]
[Date "2019.07.19"]
[Round "8"]
[White "Yermolinsky, Alex"]
[Black "Kaidanov, Gregory S"]
[Result "1-0"]
[WhiteElo "2504"]
[BlackElo "2544"]
[Annotator "Yermolinsky,Alex "]
[PlyCount "93"]
[EventDate "2019.07.11"]
[EventType "tourn"]
[EventRounds "9"]
[EventCountry "USA"]
[EventCategory "11"]
[SourceTitle "CBM 191 Extra"]
[Source "ChessBase"]
[SourceDate "2019.09.30"]
[SourceVersion "1"]
[SourceVersionDate "2019.09.30"]
[SourceQuality "1"]

{[%evp 0,93,19,-17,1,-9,-4,-4,-3,-6,8,23,26,23,22,31,27,17,17,16,25,21,19,-11,
26,18,38,23,41,17,22,28,38,39,40,39,42,42,43,40,94,26,92,94,85,95,86,90,90,75,
90,79,87,77,78,63,71,101,156,153,147,169,195,196,235,206,225,217,253,253,224,
224,224,311,315,321,320,325,327,331,320,320,328,350,310,390,638,662,849,768,
768,813,864,880,926,952]} 1. c4 e6 2. Nc3 d5 3. d4 Nf6 4. Bg5 c6 5. e3 Nbd7 {
Generally speaking, Greg Kaidanov prefers sharper lines when defending in the
Queen's Gambit. My move order eliminated the Botvinnik and the Vienna, so he
sets up the Cambridge Springs.} 6. cxd5 $5 exd5 (6... cxd5 7. Bd3 Be7 {is an
unpleasant version of the Exchange Slav with a knight misplaced on d7.}) 7. Bd3
Bd6 {An unusual bishop placement. The point, of course, is a greater control
over the e5-square.} ({I expected the sturdy} 7... Be7 8. Qc2 Nh5 9. Bxe7 Qxe7
10. Nge2 g6) 8. Nf3 {This is there I usually develop my knight in such
structures.} ({Some people swear by} 8. Qc2 h6 (8... Nf8 9. Nge2 Ng6) 9. Bh4
O-O 10. Nge2 Re8 11. h3 Be7 12. Bg3 Nf8 13. O-O) 8... O-O 9. Qc2 h6 {Forced
because of the threat to the h7-pawn.} 10. Bh4 Re8 {[#]} 11. O-O-O $5 {It
wasn't just the tournament situation that moved me toward a more aggressive
plan. I felt the inclusion of ...h6 and Bh4 might give White some attacking
chances, and besides, the position of Bd6 invites a possibility of e3-e4.} ({
In comparison} 11. O-O Nf8 12. Rfe1 Bg4 13. Nd2 Bh5 {looked too bland.}) 11...
Qa5 {Played after a considerable think.} ({One must consider the sharp} 11...
b5 {Here after} 12. Kb1 {Black might have to rush in with} b4 (12... a5 {allows
} 13. e4 b4 14. e5 bxc3 15. Qxc3) 13. Na4 Qc7 14. Rc1 Bb7 15. Bf5 Ne4 16. Bg3 {
where Black is risking to be left with a permanent structural damage.}) 12. Kb1
Bb4 13. Nd2 {[#]} Bxc3 $6 {I was relieved to see this.} (13... b5 14. Rc1 Bb7 (
14... Ba6 15. Bf5) 15. Rhg1 {would be a very sharply developing plot.}) 14.
Qxc3 Qxc3 15. bxc3 Ne4 $5 {Defending passively is not Greg Kaidanov's style.} (
15... b6 16. Kb2 c5 17. Rhe1 Bb7 18. f3) 16. Nxe4 dxe4 17. Be2 {[#]} Nb6 $2 {
Possibly the weight of the tournament situation affected Greg's judgement.
Having scored two straight wins he had caught up with the leader Shabalov, who
by that moment looked to be in serious trouble against Fishbein. A draw in
this game could have seen Kaidanov gaining the top spot with just one round to
go and White against Fishbein left.} (17... b5 $1 {Under normal circumstances
he would have chosen this kind of play.} 18. d5 {isn't as dangerous as it may
seem:} (18. a4 $5 a6 19. a5 g5 20. Bg3 Nf6 21. h4) 18... cxd5 19. Rxd5 Nb6 20.
Rd4 a6) 18. c4 Be6 19. Rc1 c5 20. Rhd1 Rac8 $6 ({Again he eschewed a more
active line,} 20... cxd4 21. Rxd4 Nd7 22. c5 Rec8 23. Be7 Ne5 24. Bd6 Nc6 25.
Ra4) 21. d5 {[#]} Bf5 (21... Bd7 22. Rc3 Na4 {was an intriguing possibility:}
23. Ra3 a6 24. Rc1 b5 25. Bd1 Rc7) 22. Rc3 Nd7 23. g4 $1 {The key move to
White's plan. The bishop is being sent to exile.} Bh7 24. Kb2 f6 25. Bg3 Kf7 (
25... Ne5 26. Rb3 Re7 27. Kc3 Rd7 28. Rdb1 Rcc7 $16) 26. Rb3 b6 27. Kc3 Ra8 28.
a4 {Everything is proceeding smoothly with a standard plan of pawn minority
attack.} a5 {Nearing time trouble Kaidanov finds a great defensive idea.} 29.
Bc7 Ra6 30. Rdb1 Ke7 {[#] Black wants to trap the white bishop after it takes
on b6!} 31. h4 $1 {This looks like a standard idea of opening some kind of a
second front, but, in fact, I was already looking into what happened later in
the game.} g5 32. h5 $1 {Squeezing the life out of that bishop is part of the
plan.} Rc8 33. Bxb6 Kd6 34. Rb5 Rca8 35. R1b2 {[#]} f5 {I was waiting with
bated breath.} ({On} 35... Bg8 {I had a choice of two plans.} 36. Bd1 ({
The other one was} 36. f3 exf3 37. Bxf3 Bh7 38. e4 Bg8 (38... Re8 39. Rxa5 Rxb6
40. Rxb6+ Nxb6 41. Ra6) 39. Be2 Bh7 40. Bd3 Bg8 41. e5+ fxe5 42. Bf5) 36... Bh7
37. Bc2 f5 38. gxf5 Bxf5 39. f3 Re8 {and now the same idea,} 40. Bxc5+ Nxc5 41.
Kd4 Nd7 42. fxe4 {It was hard to resist the temptation of building such a pawn
mass.}) 36. Bxc5+ $1 Nxc5 37. Kd4 Rc8 38. Rb6+ Rxb6 39. Rxb6+ Kd7 40. Rxh6 {
[#] Now it's visible why I wanted my pawn on h5 and his bishop on h7.} Bg8 41.
gxf5 Nxa4 42. f6 Nc5 43. Bg4+ Ne6+ 44. dxe6+ Bxe6 45. Rh7+ Kd6 46. c5+ Rxc5 47.
Bxe6 1-0